Every Single Olivia Rodrigo song on her 3 Studio Albums - Statistics

General Stats
  • This quiz has been taken 9 times
  • The average score is 23 of 30
Answer Stats
ALBUM THE SONG IS ON SONG TITLE % Correct
SOUR #4 1 step forward 3 steps back
100%
SOUR #1 brutal
100%
SOUR #5 deja vu
100%
SOUR #3 drivers license
100%
SOUR #7 enough for you
100%
SOUR #10 favorite crime
100%
SOUR #6 good 4 u
100%
SOUR #11 hope ur ok
100%
GUTS #1 all american bitch
75%
GUTS #2 bad idea right
75%
you seem pretty sad for a girl so in love begged
75%
you seem pretty sadfor a girl so in love #1 drop dead
75%
GUTS (spilled) #14 girl ive always been
75%
SOUR #8 happier
75%
SOUR #9 jealousy, jealousy
75%
GUTS #4 lacy
75%
GUTS #7 logical
75%
GUTS #6 making the bed
75%
GUTS (spilled) #13 obsessed
75%
GUTS #11 pretty isnt pretty
75%
GUTS (spilled) #15 scared of my guitar
75%
GUTS (spilled) #16 stranger
75%
GUTS #12 teenage dream
75%
SOUR #2 traitor
75%
GUTS #3 vampire
75%
GUTS #5 ballad of a homeschooled girl
50%
GUTS #8 get him back
50%
GUTS #9 love is embarrassing
50%
GUTS (spilled) #17 so american
50%
GUTS #10 the grudge
50%
No matching quizzes found
Score Distribution
Percent of People with Each Score
Percentile by Number Answered
Your Score History
You have not taken this quiz